Statistics for Ronald Reagan Filmography

Click here to take the quiz!

General Stats

  • This quiz has been taken 14 times
  • The average score is 7 of 83

Answer Stats

TypeYearName% Correct
Film1951Bedtime for Bonzo
67%
TV Show1964-1965Death Valley Days
56%
Film1940Knute Rockne, All American
56%
Film1942Kings Row
44%
Film1949The Hasty Heart
44%
Film1964The Killers
44%
Film1938Brother Rat
33%
Film1954Cattle Queen of Montana
33%
Film1939Dark Victory
33%
TV Show1954-1962General Electric Theater
33%
Film1957Hellcats of the Navy
33%
Film1937Hollywood Hotel
33%
Film1949John Loves Mary
33%
Film1940Murder in the Air
33%
Film1940Brother Rat and a Baby
22%
Film1955Tennessee's Partner
22%
Film1942Desperate Journey
11%
Film1941Million Dollar Baby
11%
Film1951Storm Warning
11%
Film1947That Hagen Girl
11%
Film1952The Winning Team
11%
Short Film1945Wings for This Man
11%
Film1938Accidents Will Happen
0%
Film1940An Angel from Texas
0%
Short Film1942Beyond the Line of Duty
0%
Film1938Boy Meets Girl
0%
Short Film1943Cadet Classification
0%
Film1939Code of the Secret Service
0%
Film1938Cowboy from Brooklyn
0%
TV Show1961Dick Powell's Zane Grey Theatre
0%
TV Show1953-1954Ford Theatre
0%
Short Film1943For God and Country
0%
TV Show1956General Electric Summer Originals
0%
Film1938Girls on Probation
0%
Film1938Going Places
0%
Film1939Hell's Kitchen
0%
Short Film1963Heritage of Splendor
0%
TV Show1952Hollywood Opening Night
0%
Film1952Hong Kong
0%
Film1941International Squadron
0%
Film1949It's a Great Feeling
0%
Film1942Juke Girl
0%
TV Show1964Kraft Suspense Theatre
0%
Film1953Law and Order
0%
Film1950Louisa
0%
Film1937Love Is on the Air
0%
TV Show1953, 1954Lux Video Theatre
0%
TV Show1953Medallion Theatre
0%
Short Documentary1942Mister Gardenia Jones
0%
Film1939Naughty but Nice
0%
Film1949Night Unto Night
0%
Film1941Nine Lives Are Not Enough
0%
Film1954Prisoner of War
0%
Short Film1943Recognition of the Japanese Zero Fighter
0%
Film1940Santa Fe Trail
0%
TV Show1953-1954Schlitz Playhouse of Stars
0%
Film1939Secret Service of the Air
0%
Film1938Sergeant Murphy
0%
Film1952She's Working Her Way Through College
0%
Film1939Smashing the Money Ring
0%
Film1947Stallion Road
0%
TV Show1960Startime
0%
Film1938Swing Your Lady
0%
Short Documentary1939Sword Fishing
0%
Short Documentary1945Target Tokyo
0%
Film1938The Amazing Dr. Clitterhouse
0%
Film1939The Angels Wash Their Faces
0%
Film1941The Bad Man
0%
TV Show1961-1963The Dick Powell Show
0%
TV Show1960The DuPont Show with June Allyson
0%
Short Film1945The Fight for the Sky
0%
Film1949The Girl from Jones Beach
0%
Film1951The Last Outpost
0%
TV Show1950The Nash Airflyte Theater
0%
Short Film1943The Rear Gunner
0%
TV Show1953The Revlon Mirror Theater
0%
Film1945The Stilwell Road
0%
Film1947The Voice of the Turtle
0%
Film1961The Young Doctors
0%
Film1943This Is the Army
0%
Film1953Tropic Zone
0%
Film1940Tugboat Annie Sails Again
0%
TV Show1963Wagon Train
0%

Score Distribution

Percentile by Number Answered

Percent of People with Each Score

Your Score History

You have not taken this quiz